1119 1616 1722 1577 1003 1491 1192 1098 1514 1723 1648 1255 1483 1325 1225 1302 1876 1585 1476 1795 1987 1227 1535 1922 1395 1096 1739 1944 1994 1506 1010 1563 1726 1484 1310 1681 1564 1475 1235 1148 1039 1673 1595 1000 1886 1808 1315 1782 1518 1243 1544 1124 1833 1206 1995 1698 1599 1812 1988 1783 1319 1769 1961 1675 1816 1306 1843 1467 1029 1744 1028 1056 1813 1821 1681 1674 1195 1634 1993 1635 1227 1166 1371 1745 1307 1424 1930 1962 1349 1543 1387 1029 1658 1738 1972 1457 1313 1268 1257 BCNSPRNW ULIB Ver.6.0+V

เปลี่ยนเป็นภาษาไทย

Change to English
 แสดงรายละเอียดบรรณานุกรม
  กลับหน้าหลัก

Brief Record : Get Marc (ISO 2709) : E-mail record : QR code < ปิดหน้าต่าง
LEADER : 00000nam 2200000uu 4500
001    13399126584
003     ULIB
008    020711s2561 th a 000 0 tha d
020    ^a9786168145074
050    ^aนว^bณ321ก
100    ^aณัฐณรา
245    ^aกำแพงสายรุ้ง ซีรีส์ชุดสี่ดรุณี/^cณัฐณรา
250    ^aพิมพ์ครั้งที่ 2
260    ^aกรุงเทพฯ :^bบางรักษ์,^c2561
300    ^a576 หน้า;^b26 ซม.
650    ^aนวนิยาย
945    ^p420^l0^i004779
999    ^aประนอม เกษจรัล
รายการนี้ยังไม่มีแท็ก
คุณยังไม่ได้ล็อกอิน คุณสามารถมีกิจกรรมร่วมกับเว็บไซต์ได้ แต่ต้องล็อกอินก่อน ::
  ล็อกอิน

รายการสื่อสารสนเทศ

ลำดับที่ ประเภท เลขเรียก/บาร์โค้ด สถานที่ สถานะ
1. นวนิยาย
นวนิยาย
นว ณ321ก ฉ.1 
  Barcode: 004779
ห้องสมุดวิทยาเขตสวรรค์ประชารักษ์
►นวนิยาย
บนชั้น
  ขอยืม

รายการใกล้เคียง
    ผู้แต่ง [ณัฐณรา]

    หัวเรื่อง [นวนิยาย]

BibComment


ยังไม่เคยถูกคอมเมนท์

คอมเมนท์ทรัพยากรรายการนี้
  คอมเมนท์: กำแพงสายรุ้ง ซีร..


 Copyright 2026. Bcnsprnw @Library